000 00640nam a2200205 i 4500
001 106837
003 ES-MaACL
005 20230906184302.0
007 t|
008 070104s1963 xxk ||||1| eng d
080 _a811.124'36
100 1 _aGildersleeve, Basil L.
_956928
245 1 0 _aGildersleeve's Latin grammar /
_cby B.L. Gildersleeve ang Gonzalez Lodge.
250 _a3rd. ed. and enl.
260 _aLondon :
_bMacMillan,
_c1963.
300 _aX, 546 p. ;
_c19 cm.
650 4 _aLengua latina-
_xGramática.
_914300
700 1 _aLodge, Gonzalez.
_973070
852 _aES-MaACL
_jE-11468
_z- Biblioteca Jacinto Martínez Lacalle
999 _c106837
_d106837